000 00403nam a2200133Ia 4500
008 100328s9999 xx 000 0 und d
082 _b72240
100 _aतांबे नरेन.
245 _aअॅबगेल अॅडम्स
260 _bग्रंथाली.
630 _aअॅबगेल अॅडम्स
730 _aअॅबगेल अॅडम्स
942 _cBOOK
999 _c557962
_d557959